| LEADER 00000nam 2200000uu 4500 |
| 001 212900 |
| 003 ULIBM |
| 008 200618s||||||||th 000 0 tha d |
| 020 ^a9786168201039
|
| 041 ^atha^beng
|
| 060 04 ^aWE855^bต367 2562
|
| 245 00 ^aตำรากระดูกข้อสะโพกหักในผู้สูงอายุ =^bTextbook of hip fracture inthe elderly /^cบรรณาธิการ, อาศิส อุนนะนันทน์
|
| 246 30 ^aกระดูกข้อสะโพกหักในผู้สูงอายุ
|
| 246 31 ^aTextbook of Hip Fracture in the Elderly
|
| 250 ^aพิมพ์ครั้งที่ 1
|
| 260 ^aกรุงเทพฯ :^bสำนักพิมพ์ศิริราช คณะแพทยศาสตร์ศิริราชพยาบาลมหาวิทยาลัยมหิดล,^c2562
|
| 300 ^axxix, 377 หน้า :^bภาพประกอบ ;^c28 ซม.
|
| 650 2 ^aHip Injuries^xdiagnosis
|
| 650 4 ^aข้อสะโพก
|
| 650 4 ^aผู้สูงอายุ
|
| 650 4 ^aสะโพกหัก
|
| 700 0 ^aอาศิส อุนนะนันทน์,^eบรรณาธิการ
|
| 710 2 ^aมหาวิทยาลัยมหิดล. คณะแพทยศาสตร์ศิริราชพยาบาล ภาควิชาศัลยศาสตร์ออร์โธปิดิคส์และกายภาพบำบัด
|
| 999 ^aใช้งานได้ทุกระบบ
|